Man Making Education Need of the Hour (Record no. 5769)

MARC details
000 -LEADER
fixed length control field 00323nam a22001337a 4500
005 - DATE AND TIME OF LATEST TRANSACTION
control field 20190226113012.0
008 - FIXED-LENGTH DATA ELEMENTS--GENERAL INFORMATION
fixed length control field 190226b xxu||||| |||| 00| 0 eng d
022 ## - INTERNATIONAL STANDARD SERIAL NUMBER
ISSN 07052018
100 ## - MAIN ENTRY--AUTHOR NAME
Personal name De Kalidas
245 ## - TITLE STATEMENT
Title Man Making Education Need of the Hour
260 ## - PUBLICATION, DISTRIBUTION, ETC. (IMPRINT)
Name of publisher New Bengal Printers
300 ## - PHYSICAL DESCRIPTION
Number of Pages 381
942 ## - ADDED ENTRY ELEMENTS (KOHA)
Koha item type Books
Holdings
Lost status Damaged status Home library Current library Shelving location Date acquired Source of acquisition Full call number Accession Number Koha item type
    JRU Library   SHELF-6-E 26/02/2019 Donated 370.117 22493 Books